Normal view
MARC view
- Moulana Sayed Suleman Nadvi
Entry Personal Name
001 - CONTROL NUMBER
- control field: 28474
003 - CONTROL NUMBER IDENTIFIER
- control field: NUST
005 - DATE AND TIME OF LATEST TRANSACTION
- control field: 20200214114938.0
008 - FIXED-LENGTH DATA ELEMENTS
- fixed length control field: 200214|| aca||aabn | a|a d
040 ## - CATALOGING SOURCE
- Original cataloging agency: NUST
- Transcribing agency: NUST
100 ## - HEADING--PERSONAL NAME
- Personal name: Moulana Sayed Suleman Nadvi
670 ## - SOURCE DATA FOUND
- Source citation: Work cat.: (NUST): Moulana Sayed Suleman Nadvi, Makatib-e Shibli - 01, c1989
